Top 20 Most Famous Country Flags - Statistics

General Stats
  • This quiz has been taken 6,964 times
  • The average score is 14 of 20
Answer Stats
% Country % Correct
99 United States
99%
98 United Kingdom
96%
87 China
94%
93 France
92%
89 Russia
90%
97 Canada
89%
90 Japan
88%
89 Brazil
86%
97 Australia
83%
92 Italy
83%
87 Sweden
65%
93 New Zealand
63%
85 Norway
60%
89 South Korea
60%
88 Ireland
58%
85 Finland
54%
86 Greece
52%
85 Netherlands
45%
84 Switzerland
45%
85 Israel
31%
No matching quizzes found
Score Distribution
Percent of People with Each Score
Percentile by Number Answered
Your Score History
You have not taken this quiz